[Event "FIDE Open"]
[Site "Voronezh"]
[Date "2018.06.12"]
[Round "1.30"]
[White "Denisenko, Dmitry"]
[Black "Anisimov, V."]
[Result "1/2-1/2"]
[WhiteElo "1703"]
[BlackElo "2011"]
[Annotator ""]
[Source ""]
[Remark ""]

1.e4 e6 2.d4 d5 3.exd5 exd5 4.Nf3 Nf6 5.Bd3 Be7 6.O-O O-O 7.Nc3
Bg4 8.Bf4 c6 9.Ne2 Nbd7 10.Ng3 Re8 11.h3 Be6 12.c3 Nf8 13.Ne5
Ng6 14.Nxg6 hxg6 15.Qb3 Qc8 16.Rfe1 Bf8 17.Re3 c5 18.Bf1 c4 19.Qc2
b5 20.b3 Qc6 21.a4 a6 22.b4 Bd6 23.Bxd6 Qxd6 24.axb5 axb5 25.Ree1
Ra6 26.Ra2 Rea8 27.Rea1 Qc6 28.Be2 R8a7 29.Rxa6 Rxa6 30.Qb2 Qa8
31.Rxa6 Qxa6 32.Bd1 Kf8 33.Bc2 Ke7 34.Bb1 Nh5 35.Nxh5 gxh5 36.f4
g6 37.Kf2 Qa4 38.Bc2 Qa8 39.Bb1 Kf8 40.Qe2 Qa1 41.Qe1 Kg7 1/2-1/2

[Event "FIDE Open"]
[Site "Voronezh"]
[Date "2018.06.12"]
[Round "1.31"]
[White "Nesterov, Andrey"]
[Black "Godzhurov, Lidzhi"]
[Result "1/2-1/2"]
[WhiteElo "2010"]
[BlackElo "1703"]
[Annotator ""]
[Source ""]
[Remark ""]

1.e4 c5 2.Nf3 d6 3.d4 cxd4 4.Nxd4 Nf6 5.Nc3 a6 6.Be2 e5 7.Nb3
Be6 8.Bg5 Nbd7 9.O-O Be7 10.Bh4 O-O 11.Re1 b5 12.a3 Nb6 13.Nd2
Rc8 14.Rb1 Qc7 15.Bd3 Rfd8 16.Qe2 Nc4 17.Bxc4 Bxc4 18.Nxc4 Qxc4
19.Qxc4 Rxc4 20.Bxf6 Bxf6 21.Re2 Rdc8 22.Rd1 b4 23.Nd5 bxa3 24.bxa3
Rxc2 25.Rxc2 Rxc2 26.Rb1 h6 27.f3 Ra2 28.Rb3 Bg5 29.Nc7 Bc1 30.Nxa6
Bxa3 31.Nb4 Bxb4 32.Rxb4 Rd2 33.Rb8+ Kh7 34.h4 h5 35.Kh2 g6 36.Kg3
Kg7 37.Rd8 Kf6 38.Ra8 Rd3 39.Rd8 Ke7 40.Rg8 d5 41.exd5 Rxd5 42.Ra8
f5 43.Ra6 Rd6 44.Ra2 Ke6 45.Kf2 Rd4 46.g3 e4 47.fxe4 Rxe4 48.Ra6+
Kf7 49.Kf3 Re6 50.Ra5 Kf6 51.Kf4 Re4+ 52.Kf3 Re6 1/2-1/2

[Event "FIDE Open"]
[Site "Voronezh"]
[Date "2018.06.12"]
[Round "1.32"]
[White "Suleymanov, Emirlan"]
[Black "Napalkov, Vladimir"]
[Result "0-1"]
[WhiteElo "1701"]
[BlackElo "2005"]
[Annotator ""]
[Source ""]
[Remark ""]

1.e4 c6 2.d4 d5 3.Nd2 dxe4 4.Nxe4 Bf5 5.Ng3 Bg6 6.c3 e6 7.Nh3
Bd6 8.Nf4 Qc7 9.Qf3 Nf6 10.h4 Nbd7 11.h5 Bc2 12.Bd3 Bxd3 13.Nxd3
h6 14.O-O O-O-O 15.b4 e5 16.dxe5 Nxe5 17.Nxe5 Bxe5 18.Ne2 Bh2+
19.Kh1 Rd5 20.Nf4 Bxf4 21.Bxf4 Qd7 22.Rad1 Rd8 23.Rxd5 Qxd5 24.Qh3+
Qd7 25.Qxd7+ Rxd7 26.Re1 Nxh5 27.Re8+ Rd8 28.Rxd8+ Kxd8 29.Bb8
a6 30.a4 b5 31.a5 Ke7 32.Kg1 Ke6 33.Kf1 Nf6 34.f3 Nd5 35.Ba7
Nxc3 36.Bd4 Nd5 37.Bc5 h5 38.g3 f5 39.f4 Nf6 40.Bd4 g6 41.Ke2
Ne4 42.Kf3 Kd5 43.Bg7 Kc4 44.Bf8 Nc3 45.Bc5 Nd5 0-1

[Event "FIDE Open"]
[Site "Voronezh"]
[Date "2018.06.12"]
[Round "1.33"]
[White "Strukova, Ksenia"]
[Black "Yudin, Sergei"]
[Result "1-0"]
[WhiteElo "1994"]
[BlackElo "1699"]
[Annotator ""]
[Source ""]
[Remark ""]

1.e4 e6 2.d4 d5 3.Nd2 c5 4.exd5 exd5 5.dxc5 Bxc5 6.Bd3 Ne7 7.Ngf3
Bf5 8.Nb3 Bd6 9.c3 Bxd3 10.Qxd3 f6 11.O-O O-O 12.Nfd4 Qd7 13.f4
Nbc6 14.Be3 Nxd4 15.Bxd4 Rfd8 16.g3 Qe6 17.Rfe1 Qf7 18.Rad1 Nc6
19.Bf2 Bf8 20.Rd2 Rd7 21.Red1 Rad8 22.Bc5 Be7 23.Qe3 b6 24.Bxe7
Qxe7 25.Qf3 Qf7 26.Nd4 Nxd4 27.Rxd4 Qe7 28.Kg2 Kf8 29.Qd3 g6
30.Rd2 Qe6 31.Re2 Qc6 32.Qf3 Re7 33.Rxe7 Kxe7 34.f5 Kf7 35.c4
Re8 36.b3 b5 37.Qxd5+ Qxd5+ 38.Rxd5 bxc4 39.Rd7+ Kg8 40.Rxa7
cxb3 41.axb3 Rb8 42.Ra3 gxf5 43.Kf3 Rb4 44.Ke3 Kf7 45.Kd3 Ke6
46.Kc3 Re4 47.Ra6+ Ke5 48.Ra7 Rg4 49.Rxh7 f4 50.Re7+ Kd5 51.Rd7+
Ke5 52.Rd4 Rg8 53.Rxf4 f5 54.b4 1-0

[Event "FIDE Open"]
[Site "Voronezh"]
[Date "2018.06.12"]
[Round "1.34"]
[White "Lysenko, Olesya"]
[Black "Tikhonov, Viacheslav"]
[Result "0-1"]
[WhiteElo "1697"]
[BlackElo "1993"]
[Annotator ""]
[Source ""]
[Remark ""]

1.e4 c5 2.Nc3 Nc6 3.f4 g6 4.Nf3 Bg7 5.g3 e6 6.Bg2 Nge7 7.O-O
d6 8.Ne2 O-O 9.Kh1 f5 10.d3 Rb8 11.h3 b6 12.g4 Bb7 13.gxf5 exf5
14.Ng3 Qd7 15.c3 Nd8 16.Be3 Ne6 17.Qb3 Kh8 18.Ng5 Nxg5 19.fxg5
fxe4 20.dxe4 Be5 21.Ne2 Bxe4 22.Ng1 Qc6 0-1

[Event "FIDE Open"]
[Site "Voronezh"]
[Date "2018.06.12"]
[Round "1.35"]
[White "Lepaev, Andrey"]
[Black "Ryumshin, Vladislav"]
[Result "1-0"]
[WhiteElo "1992"]
[BlackElo "1697"]
[Annotator ""]
[Source ""]
[Remark ""]

1.d4 d5 2.c4 c6 3.Nf3 e6 4.e3 Nf6 5.b3 Nbd7 6.Bb2 Bd6 7.Bd3 h6
8.O-O O-O 9.Nc3 b6 10.e4 dxe4 11.Nxe4 Nxe4 12.Bxe4 Bb7 13.Bc2
Re8 14.Re1 Qc7 15.Qd3 Nf8 16.c5 Be7 17.Ne5 Rad8 18.Qf3 Bf6 19.Ng4
Be7 20.Re5 Nd7 21.Rh5 Nf6 22.Rxh6 gxh6 23.Nxf6+ Bxf6 24.Qxf6
Qe7 25.Qxh6 f6 26.Re1 Rd5 27.Bg6 Red8 28.Qh3 Bc8 29.Be4 Rg5 30.Bxc6
bxc5 31.dxc5 e5 32.Qe3 Bb7 33.Bxb7 Qxb7 34.g3 Qc6 35.h4 Rg6 36.b4
Kg7 37.Rc1 Rh8 38.Rc4 Qe6 39.Re4 Rh5 40.Qa3 Qd7 41.Qb3 Qc6 42.Qd3
a6 43.Kf1 Rh8 44.Ke2 Re8 45.Kf1 Re7 46.Re3 Rd7 47.Qe4 Qb5+ 48.Kg2
Rd1 49.Re2 Rd8 50.h5 Rg5 51.a4 Qxa4 52.Bc1 Rd4 53.Qb7+ Rd7 54.Qf3
e4 55.Qxe4 Rdd5 56.Bxg5 Rxg5 57.Qe7+ Kh6 58.Qxf6+ Kxh5 59.Qh8+
Kg4 60.Qh3# 1-0

[Event "FIDE Open"]
[Site "Voronezh"]
[Date "2018.06.12"]
[Round "1.36"]
[White "Titov, Oleg"]
[Black "Kolyuzhnov, Vladislav"]
[Result "0-1"]
[WhiteElo "1695"]
[BlackElo "1986"]
[Annotator ""]
[Source ""]
[Remark ""]

1.e4 b6 2.d4 Bb7 3.Nc3 e6 4.Nf3 Bb4 5.Bd3 Nf6 6.Qe2 c5 7.O-O
Bxc3 8.bxc3 c4 9.Bxc4 Nxe4 10.Qd3 O-O 11.Ba3 Re8 12.Nd2 Nf6 13.Bd6
Nc6 14.Qg3 Ne7 15.Bd3 Ng6 16.c4 Qc8 17.f3 Qc6 18.Be4 Nxe4 19.fxe4
e5 20.dxe5 Nxe5 21.Bxe5 Qc5+ 22.Qf2 Qxf2+ 23.Rxf2 Rxe5 24.Rf4
Rae8 25.Rd1 Bc6 26.Nf3 Rxe4 27.Rxe4 Rxe4 28.Nd4 Ba4 29.Rd2 g6
30.Kf2 Kg7 31.Kf3 f5 32.g3 Kf6 33.c3 Ke5 34.Kf2 g5 35.Nf3+ Kf6
36.Rd6+ Re6 37.Rd4 Bc6 38.h4 h6 39.hxg5+ hxg5 40.Nd2 Ke5 41.Nf3+
Bxf3 42.Kxf3 Rd6 43.Ke3 Rxd4 44.cxd4+ Ke6 45.a3 d5 46.c5 b5 47.Kd3
a5 48.Ke3 b4 49.axb4 axb4 50.Kd3 f4 0-1

[Event "FIDE Open"]
[Site "Voronezh"]
[Date "2018.06.12"]
[Round "1.37"]
[White "Artemov, Nikita"]
[Black "Makushin, Aleksandr"]
[Result "1-0"]
[WhiteElo "1970"]
[BlackElo "1692"]
[Annotator ""]
[Source ""]
[Remark ""]

1.e4 c6 2.d4 d5 3.Nc3 dxe4 4.Nxe4 Bf5 5.Ng3 Bg6 6.Bc4 e6 7.N1e2
Nf6 8.O-O Be7 9.f4 Nd5 10.f5 exf5 11.Nxf5 Bf6 12.Neg3 O-O 13.Nh5
Nd7 14.Nxf6+ N7xf6 15.Bg5 Qd7 16.Bd3 h6 17.Bh4 Rae8 18.Qf3 Re6
19.Bg3 Bh5 20.Qf2 Ng4 21.Qd2 Nge3 22.Nxe3 Nxe3 23.Rfe1 Rfe8 24.Be5
Ng4 25.Bf5 Nxe5 26.Rxe5 Qd6 27.Bxe6 1-0

[Event "FIDE Open"]
[Site "Voronezh"]
[Date "2018.06.12"]
[Round "1.38"]
[White "Ochirova, Anita"]
[Black "Kazmin, Semen"]
[Result "0-1"]
[WhiteElo "1691"]
[BlackElo "1970"]
[Annotator ""]
[Source ""]
[Remark ""]

1.e4 e6 2.d4 d5 3.exd5 exd5 4.c4 Nf6 5.Nc3 Bd6 6.Bg5 c6 7.Nf3
O-O 8.cxd5 cxd5 9.Be2 Be6 10.O-O Nbd7 11.Bb5 Qa5 12.a3 a6 13.b4
Qc7 14.Bd3 Qxc3 0-1

[Event "FIDE Open"]
[Site "Voronezh"]
[Date "2018.06.12"]
[Round "1.39"]
[White "Pingin, Artem"]
[Black "Voronin, Yaroslav"]
[Result "1-0"]
[WhiteElo "1967"]
[BlackElo "1684"]
[Annotator ""]
[Source ""]
[Remark ""]

1.e4 e6 2.d4 d5 3.Nc3 Bb4 4.e5 c5 5.a3 cxd4 6.axb4 dxc3 7.bxc3
Qc7 8.Qd4 Ne7 9.f4 Nbc6 10.Qd3 O-O 11.Nf3 Bd7 12.Be2 Rfc8 13.O-O
h6 14.Ng5 g6 15.Qh3 h5 16.Bxh5 Be8 17.Bg4 Nf5 18.Bxf5 exf5 19.Nh7
Rd8 20.Nf6+ 1-0

[Event "FIDE Open"]
[Site "Voronezh"]
[Date "2018.06.12"]
[Round "1.40"]
[White "Vlasova, Olesia"]
[Black "Kuzmin, Roman"]
[Result "0-1"]
[WhiteElo "1682"]
[BlackElo "1963"]
[Annotator ""]
[Source ""]
[Remark ""]

1.e4 e5 2.Nf3 Nc6 3.Bb5 a6 4.Bxc6 dxc6 5.O-O Bg4 6.h3 Bh5 7.d3
Bd6 8.Be3 c5 9.Nbd2 Ne7 10.Nc4 Nc6 11.Qe2 Qe7 12.c3 O-O-O 13.a3
f6 14.b4 g5 15.Rfb1 Rhg8 16.b5 g4 17.hxg4 Rxg4 18.bxc6 bxc6 19.Na5
Kd7 20.Kh1 Rdg8 21.Nc4 Rxg2 22.Nxd6 Kxd6 23.d4 Qe6 24.dxe5+ Ke7
25.exf6+ Kf7 26.Ne5+ Qxe5 27.Qc4+ Kxf6 28.f4 Rg1+ 0-1

[Event "FIDE Open"]
[Site "Voronezh"]
[Date "2018.06.12"]
[Round "1.41"]
[White "Kasantsev, Anatolij B."]
[Black "Tatarintsev, Mikhail"]
[Result "1/2-1/2"]
[WhiteElo "1962"]
[BlackElo "1681"]
[Annotator ""]
[Source ""]
[Remark ""]

1.d4 d5 2.c4 c6 3.Nf3 Nf6 4.Nc3 e6 5.Bg5 Nbd7 6.cxd5 exd5 7.e3
Be7 8.Bd3 h6 9.Bh4 Ne4 10.Bxe7 Qxe7 11.Qc2 Ndf6 12.O-O O-O 13.Ne5
Nxc3 14.bxc3 Ng4 15.Nf3 Nf6 16.h3 Re8 17.Ne5 Nd7 18.Nf3 Nf6 19.c4
dxc4 20.Bxc4 Be6 21.Ne5 Nd7 22.Nf3 Nf6 23.Rab1 Bxc4 24.Qxc4 Rec8
25.Rfc1 b6 26.Qa6 Qe6 27.Rb2 Nd5 28.Qa3 Rc7 29.Rbc2 Rac8 30.Ne1
Qe7 31.Qxe7 Nxe7 32.Nd3 Kf8 33.Kf1 f6 34.Ke2 Rd7 35.Rc4 g5 36.Kd2
Rd6 37.Nb4 Ke8 38.Ke2 h5 39.g4 h4 1/2-1/2

[Event "FIDE Open"]
[Site "Voronezh"]
[Date "2018.06.12"]
[Round "1.42"]
[White "Shcherbinin, Nikolay"]
[Black "Grekhov, Luka"]
[Result "0-1"]
[WhiteElo "1671"]
[BlackElo "1955"]
[Annotator ""]
[Source ""]
[Remark ""]

1.e4 c5 2.Nc3 e6 3.Nf3 Nc6 4.d4 cxd4 5.Nxd4 a6 6.Be2 Qc7 7.Be3
Nf6 8.Qd2 Bb4 9.f3 d5 10.exd5 Nxd5 11.O-O Nxe3 12.Qxe3 Nxd4 13.Ne4
Nxe2+ 14.Qxe2 O-O 15.f4 h5 16.Qxh5 Qxc2 17.Ng5 Bd7 0-1

[Event "FIDE Open"]
[Site "Voronezh"]
[Date "2018.06.12"]
[Round "1.43"]
[White "Kulpin, Dmitriy"]
[Black "Kuzminykh, Nikita"]
[Result "1-0"]
[WhiteElo "1954"]
[BlackElo "1658"]
[Annotator ""]
[Source ""]
[Remark ""]

1.d4 Nf6 2.Nf3 e6 3.c4 d5 4.g3 Be7 5.Bg2 dxc4 6.O-O O-O 7.Nc3
c5 8.dxc5 Bxc5 9.Qa4 Qc7 10.Bf4 Qc6 11.Qc2 Nbd7 12.Rac1 h6 13.Nd4
Qa6 14.Ndb5 Bb6 15.Bd6 Re8 16.a4 Ng4 17.Qe4 Ngf6 18.Qxc4 1-0

[Event "FIDE Open"]
[Site "Voronezh"]
[Date "2018.06.12"]
[Round "1.44"]
[White "Agibalov, Roman"]
[Black "Zaitseva, Lyudmila"]
[Result "1/2-1/2"]
[WhiteElo "1655"]
[BlackElo "1954"]
[Annotator ""]
[Source ""]
[Remark ""]

1.d4 Nf6 2.Nf3 g6 3.Bf4 Bg7 4.e3 O-O 5.Nbd2 c5 6.c3 d6 7.Be2
a6 8.O-O Nc6 9.h3 Re8 10.dxc5 dxc5 11.Nc4 Nd5 12.Bg3 b5 13.Nce5
Nxe5 14.Nxe5 Bb7 15.c4 Nf6 16.cxb5 Ne4 17.Bh2 Nd2 18.Re1 Qd5
19.Nf3 Nxf3+ 20.Bxf3 Qxd1 21.Rexd1 Bxf3 22.gxf3 axb5 23.Rd5 Bxb2
24.Rb1 Ba3 25.Rxb5 f6 26.Rd7 c4 27.Rc7 Rec8 28.Ra5 Bb2 29.Rxa8
Rxa8 30.Rxc4 Rxa2 31.Rc2 Ra1+ 32.Kg2 Ba3 33.Rc8+ Kf7 34.Ra8 Bb2
35.Rxa1 Bxa1 36.Bc7 Bc3 37.Bb6 Be5 38.Ba5 Ke6 39.Bb4 Bd6 40.Bc3
Kd5 1/2-1/2

[Event "FIDE Open"]
[Site "Voronezh"]
[Date "2018.06.12"]
[Round "1.45"]
[White "Gutsulyak, Nikolay"]
[Black "Chuprik, Ilya"]
[Result "1-0"]
[WhiteElo "1953"]
[BlackElo "1650"]
[Annotator ""]
[Source ""]
[Remark ""]

1.e4 c6 2.Nc3 d5 3.Nf3 dxe4 4.Nxe4 Nd7 5.Bc4 e6 6.Qe2 b5 7.Bb3
Nc5 8.Nxc5 Bxc5 9.O-O Nf6 10.c3 O-O 11.d4 Bd6 12.Bg5 h6 13.Bh4
a5 14.Ne5 Bb7 15.Rad1 Be7 16.Rfe1 Nd5 17.Bg3 Bg5 18.Bc2 Re8 19.Qd3
f5 20.Re2 a4 21.Rde1 Qf6 22.Nd7 Qf7 23.Nc5 Bc8 24.Be5 Bf6 25.Qf3
g5 26.Bxf6 g4 27.Qxf5 exf5 28.Rxe8+ Kh7 29.Rxc8 Rxc8 30.Bxf5+
Kg8 31.Be6 Nxf6 32.Bxf7+ Kxf7 33.Ne4 Nxe4 34.Rxe4 h5 35.Re5 Rh8
36.Kf1 Rh6 37.Ke2 Kf6 38.Ke3 h4 39.Kf4 g3 40.fxg3 hxg3 41.Kxg3 1-0

[Event "FIDE Open"]
[Site "Voronezh"]
[Date "2018.06.12"]
[Round "1.46"]
[White "Popov, Denis"]
[Black "Malinin, Sergey"]
[Result "0-1"]
[WhiteElo "1642"]
[BlackElo "1953"]
[Annotator ""]
[Source ""]
[Remark ""]

1.e4 d6 2.d4 Nf6 3.Nc3 g6 4.Bg5 Bg7 5.Qd2 c6 6.f4 b5 7.Bd3 Nbd7
8.Nf3 Nb6 9.O-O O-O 10.h3 Nc4 11.Bxc4 bxc4 12.g4 Rb8 13.Rab1
Ba6 14.Rf2 d5 15.e5 Ne4 16.Nxe4 dxe4 17.Nh2 f6 18.exf6 exf6 19.Bh4
Qd5 20.f5 c5 21.Qa5 e3 22.Rf3 Qxd4 23.Rxe3 Qxe3+ 24.Bf2 Qe4 25.Qxa6
Qxc2 26.Qe6+ Kh8 27.Qe1 Rfe8 28.Qf1 c3 29.Bxc5 Rxb2 0-1

[Event "FIDE Open"]
[Site "Voronezh"]
[Date "2018.06.12"]
[Round "1.47"]
[White "Gorodnichev, Alexey"]
[Black "Sibgatullin, Amir"]
[Result "1-0"]
[WhiteElo "1949"]
[BlackElo "1638"]
[Annotator ""]
[Source ""]
[Remark ""]

1.e4 c5 2.Nf3 Nc6 3.c4 d6 4.d4 cxd4 5.Nxd4 Nf6 6.Nc3 g6 7.Be2
Bg7 8.Be3 Bd7 9.O-O O-O 10.Nc2 Qc8 11.Rc1 Bg4 12.f3 Be6 13.Qd2
Rd8 14.b3 b6 15.Nb5 Bd7 16.Rfd1 Be8 17.Qe1 Qa6 18.Nc7 Qxa2 19.Nxa8
Rxa8 20.b4 Nd7 21.Bf1 Qb2 22.b5 Na5 23.Nd4 Qa3 24.Ra1 Qc5 25.Nc6
Qh5 26.g4 1-0

[Event "FIDE Open"]
[Site "Voronezh"]
[Date "2018.06.12"]
[Round "1.48"]
[White "Murzina, Agata"]
[Black "Efendiev, Enver"]
[Result "0-1"]
[WhiteElo "1632"]
[BlackElo "1948"]
[Annotator ""]
[Source ""]
[Remark ""]

1.e4 e5 2.Bc4 Nf6 3.d3 d5 4.exd5 Nxd5 5.Qf3 Be6 6.Nc3 Bb4 7.Bd2
Bxc3 8.Bxc3 Nc6 9.Qg3 Qf6 10.Nf3 Nxc3 11.Bxe6 e4 12.Qxc7 O-O
13.Nd2 fxe6 14.O-O Rf7 15.Qd6 Rd8 16.Qa3 Ne2+ 17.Kh1 exd3 18.cxd3
Nf4 19.Ne4 Qg6 20.Ng3 h5 21.Rg1 Nxd3 22.Rgf1 h4 23.Ne2 Rxf2 24.Nc3
Qf5 25.Rfb1 h3 26.Qb3 hxg2+ 27.Kg1 Rf1+ 28.Kxg2 Qf3# 0-1

[Event "FIDE Open"]
[Site "Voronezh"]
[Date "2018.06.12"]
[Round "1.49"]
[White "Mikhnenko, Alexander"]
[Black "Kushnarenko, Egor"]
[Result "1/2-1/2"]
[WhiteElo "1945"]
[BlackElo "1631"]
[Annotator ""]
[Source ""]
[Remark ""]

1.d4 d5 2.Nf3 Nf6 3.c4 e6 4.g3 c6 5.Bg2 Be7 6.O-O O-O 7.Qc2 Nbd7
8.Nbd2 Re8 9.e4 dxe4 10.Nxe4 Nxe4 11.Qxe4 Nf6 12.Qc2 c5 13.Rd1
cxd4 14.Nxd4 Qb6 15.h3 a6 16.Nb3 Bd7 17.Be3 Qc7 18.Rac1 Bc6 19.Bf4
Qc8 20.Bf1 Bf3 21.Re1 Nh5 22.Nd4 Nxf4 23.Nxf3 Ng6 24.Bg2 Qc7
25.Nd4 Red8 26.Red1 Rac8 27.b3 Bc5 28.Qe4 Rb8 29.Ne2 Ne7 30.Nf4
Ng6 31.Ne2 Ne7 32.Nf4 Ng6 33.Nd3 Ba3 34.Rc2 Bb4 35.Bf3 Be7 36.Rcd2
Bg5 37.Rc2 Bf6 38.Ne1 Rxd1 39.Bxd1 Rd8 40.Bf3 Rd7 41.Qe2 Bd4
42.Kg2 Ne5 43.Rd2 Nxf3 44.Nxf3 Bf6 45.Qe4 Rxd2 46.Nxd2 1/2-1/2

[Event "FIDE Open"]
[Site "Voronezh"]
[Date "2018.06.12"]
[Round "1.50"]
[White "Ragimli, Deniz"]
[Black "Pivina, Mariya"]
[Result "0-1"]
[WhiteElo "1626"]
[BlackElo "1941"]
[Annotator ""]
[Source ""]
[Remark ""]

1.d4 Nf6 2.Bg5 e6 3.Nd2 d5 4.e3 Be7 5.Bd3 O-O 6.Ne2 c5 7.c3 b6
8.O-O h6 9.Bh4 Bb7 10.Qb1 Nc6 11.f4 Ng4 12.Bxe7 Nxe7 13.Rf3 f5
14.Qf1 Nc8 15.h3 Nf6 16.Kh2 Nd6 17.Rf2 Nfe4 18.Nxe4 dxe4 19.Bc2
Rc8 20.dxc5 bxc5 21.Rd1 Qe7 22.Ng3 Rfd8 23.Rfd2 Bd5 24.b3 c4
25.b4 Nb5 26.Ne2 Qf6 27.Qe1 Kh7 28.a4 Nxc3 29.Nxc3 Qxc3 30.g4
Qf6 31.Rg2 Bb7 32.g5 Qe7 33.gxh6 gxh6 34.Rxd8 Rxd8 35.Qc3 Bd5
36.Bd1 Rg8 37.Rxg8 Kxg8 38.b5 Qh4 39.Kg2 Kf7 40.Qe5 Qf6 41.Bh5+
Kg7 42.Qc7+ Kg8 43.Qb8+ Qf8 44.Qxa7 c3 45.Qc7 Qg7+ 46.Qxg7+ Kxg7
47.Bd1 Kf6 48.a5 Bc4 49.b6 Ba6 50.Kf2 Ke7 51.Kg3 Kd6 52.Kh4 Bd3
53.Kh5 Be2+ 0-1

[Event "FIDE Open"]
[Site "Voronezh"]
[Date "2018.06.12"]
[Round "1.51"]
[White "Krupin, Victor"]
[Black "Volovich, Evgeny"]
[Result "1-0"]
[WhiteElo "1938"]
[BlackElo "1617"]
[Annotator ""]
[Source ""]
[Remark ""]

1.e4 e6 2.d4 d5 3.Nc3 Bb4 4.e5 Qd7 5.Nf3 b6 6.Bd2 Ba6 7.Bxa6
Nxa6 8.a3 Bxc3 9.Bxc3 Qb5 10.Qd2 Ne7 11.Qg5 Ng6 12.h4 h6 13.Qe3
Nb8 14.O-O-O Nc6 15.h5 Nge7 16.g4 O-O-O 17.Nh4 Na5 18.Bxa5 Qxa5
19.f4 c5 20.f5 Nc6 21.Nf3 Rhe8 22.f6 gxf6 23.exf6 Nxd4 24.Nxd4
cxd4 25.Qxh6 Rh8 26.Qf4 Qc5 27.Qe5 d3 28.Rxd3 Qd6 29.Qe3 Rdg8
30.Qf3 Kb7 31.Rdd1 Qc5 32.Qg3 Qc7 33.Qxc7+ Kxc7 34.Rdg1 Kd6 35.g5 1-0

[Event "FIDE Open"]
[Site "Voronezh"]
[Date "2018.06.12"]
[Round "1.52"]
[White "Lesnykh, Zhanna"]
[Black "Shoshin, Kirill"]
[Result "0-1"]
[WhiteElo "1616"]
[BlackElo "1938"]
[Annotator ""]
[Source ""]
[Remark ""]

1.f4 d5 2.Nf3 c5 3.g3 Nc6 4.Bg2 Nf6 5.O-O b5 6.d3 Bb7 7.h3 e6
8.a4 b4 9.Nbd2 Be7 10.e4 dxe4 11.dxe4 Qc7 12.e5 Nd5 13.Ne4 O-O-O
14.Qe2 Qb6 15.Qb5 Ba6 16.Qxb6 axb6 17.Rd1 Kc7 18.Bf1 Bxf1 19.Kxf1
f6 20.exf6 Bxf6 21.Nfg5 Bxg5 22.Nxg5 Rhe8 23.Nxh7 Nd4 24.Kf2
Nxc2 25.Rb1 b3 26.Ng5 Rd7 27.Bd2 c4 28.Nf3 Kb7 29.Bc3 Ra8 30.Ng5
Re7 31.Be5 Rxa4 32.f5 Nde3 33.fxe6 Nxd1+ 34.Rxd1 Ra5 35.Bd6 Rf5+
36.Kg1 Re8 37.Nf7 Rf6 38.Bf4 Rfxe6 39.Nd6+ Rxd6 40.Rxd6 c3 41.bxc3
b2 42.Rd7+ Ka6 43.Rd1 Re1+ 44.Rxe1 Nxe1 45.Kf2 Nd3+ 46.Kf3 Nxf4
47.Kxf4 b1Q 0-1

[Event "FIDE Open"]
[Site "Voronezh"]
[Date "2018.06.12"]
[Round "1.53"]
[White "Piskov, Vladimir A."]
[Black "Badtrutdinova, Darya"]
[Result "0-1"]
[WhiteElo "1928"]
[BlackElo "1604"]
[Annotator ""]
[Source ""]
[Remark ""]

1.d4 d5 2.Bg5 Bg4 3.Qd3 c6 4.Nc3 Nd7 5.e3 Ngf6 6.Be2 Bxe2 7.Ngxe2
e6 8.O-O Be7 9.f4 O-O 10.f5 e5 11.Ng3 Re8 12.Nce2 Qb6 13.a3 Ng4
14.Bxe7 Rxe7 15.h3 Nh6 16.c3 Nf6 17.Rab1 Rae8 18.Kh2 Qc7 19.Kh1
exd4 20.e4 Nxe4 21.Nxe4 Rxe4 22.Nxd4 Re3 23.Qd1 c5 24.Nc2 Re2
25.Rf3 Qe5 26.Rc1 Nxf5 27.Qd3 Nh4 28.g3 Nxf3 29.Qxf3 Qe6 30.Qg4
Qh6 31.Rf1 Qd2 32.Qf3 f6 33.Na1 Rh2+ 34.Kg1 Ree2 0-1

[Event "FIDE Open"]
[Site "Voronezh"]
[Date "2018.06.12"]
[Round "1.54"]
[White "Zhapova, Yana"]
[Black "Zakharov, Denis"]
[Result "1/2-1/2"]
[WhiteElo "1597"]
[BlackElo "1928"]
[Annotator ""]
[Source ""]
[Remark ""]

1.e4 d6 2.d4 Nf6 3.Nc3 g6 4.Nf3 Bg7 5.Be2 O-O 6.O-O Bg4 7.Be3
Nc6 8.h3 Bxf3 9.Bxf3 e5 10.d5 Nb8 11.g3 Nbd7 12.Bg2 a5 13.Kh2
Nc5 14.a3 Ne8 15.Bxc5 dxc5 16.f4 exf4 17.gxf4 Nd6 18.Qd3 Rb8
19.a4 Re8 20.Rae1 Qd7 21.b3 Re7 22.Ne2 Rbe8 23.Ng3 h5 24.Rf2
h4 25.Nf1 Nf5 26.Rd1 Nd6 27.Re1 c4 28.bxc4 Qxa4 29.Nd2 Nf5 30.Rb1
b6 31.exf5 Re3 32.Qf1 Qxc2 33.Ne4 Qa4 34.fxg6 R3xe4 35.gxf7+
Kxf7 36.Bxe4 Rxe4 37.Rc1 Qb3 38.Qg1 Qg3+ 39.Qxg3 hxg3+ 40.Kxg3
a4 1/2-1/2

[Event "FIDE Open"]
[Site "Voronezh"]
[Date "2018.06.12"]
[Round "1.55"]
[White "Lupolov, Boris"]
[Black "Kokueva, Alisa"]
[Result "0-1"]
[WhiteElo "1925"]
[BlackElo "1586"]
[Annotator ""]
[Source ""]
[Remark ""]

1.d4 d5 2.c4 e6 3.Nf3 Nf6 4.Bg5 Be7 5.e3 h6 6.Bh4 O-O 7.Nc3 Nbd7
8.Qc2 c5 9.cxd5 Nxd5 10.Bxe7 Qxe7 11.Nxd5 exd5 12.dxc5 Nxc5 13.Be2
Bg4 14.Nd4 Bxe2 15.Qxe2 Qe4 16.O-O Ne6 17.Rfd1 Rfe8 18.Qd2 Rac8
19.Qb4 Rc4 20.Qxb7 Rxd4 21.Rxd4 Nxd4 22.Qxa7 Nf5 23.Rd1 0-1

[Event "FIDE Open"]
[Site "Voronezh"]
[Date "2018.06.12"]
[Round "1.56"]
[White "Pogorelov, Aleksey"]
[Black "Levicheva, Ekaterina"]
[Result "0-1"]
[WhiteElo "1569"]
[BlackElo "1908"]
[Annotator ""]
[Source ""]
[Remark ""]

1.d4 Nf6 2.c4 g6 3.Nf3 Bg7 4.Nc3 O-O 5.g3 d6 6.Bg2 a6 7.O-O Nbd7
8.Qc2 c5 9.e3 Rb8 10.a4 b6 11.b3 Re8 12.Bb2 Qc7 13.Rac1 Nf8 14.Rfe1
Bd7 15.Bf1 e5 16.d5 Nh5 17.e4 f5 18.Bh3 f4 19.Bxd7 Qxd7 20.Kg2
fxg3 21.fxg3 Bh6 22.Rcd1 Rb7 23.Bc1 Bxc1 24.Qxc1 Qg4 25.Rf1 Nf4+
26.Kf2 Nh3+ 27.Ke1 Rf7 28.Qe3 g5 29.Ne2 Ng6 30.Rd3 Ref8 31.Nd2
Rxf1+ 32.Nxf1 Nf2 33.Rc3 Nxe4 34.Rd3 Nf2 35.Rc3 e4 36.Qd2 Nd3+
37.Rxd3 exd3 38.Qxd3 Ne5 39.Qe3 Rf3 0-1

[Event "FIDE Open"]
[Site "Voronezh"]
[Date "2018.06.12"]
[Round "1.57"]
[White "Leolko, Ludmila"]
[Black "Rudakov, Sergey S."]
[Result "1-0"]
[WhiteElo "1901"]
[BlackElo "1568"]
[Annotator ""]
[Source ""]
[Remark ""]

1.d4 Nf6 2.c4 g6 3.Nf3 Bg7 4.g3 O-O 5.Bg2 d6 6.O-O Nbd7 7.Nc3
c6 8.e4 Qc7 9.Bg5 h6 10.Bd2 e5 11.d5 Nc5 12.Qe2 a5 13.Ne1 cxd5
14.cxd5 b6 15.Nb5 Qd7 16.Nc2 Ba6 17.Nca3 Ne8 18.Rfc1 Nc7 19.Bf1
Nxb5 20.Nxb5 Bxb5 21.Qxb5 Qxb5 22.Bxb5 Nxe4 23.Be3 Nc5 24.Rc2
f5 25.Re1 e4 26.Bf4 Rad8 27.h4 Kh7 28.Kg2 Be5 29.Be3 Rc8 30.a3
Nd3 31.Bxd3 exd3 32.Rd2 Rc2 33.Rxd3 Rxb2 34.Rc1 Rf7 35.Rc6 b5
36.Bc1 Ra2 37.Rb6 Rc2 38.Bd2 Rb2 39.Bxa5 f4 40.Rf3 g5 41.hxg5
hxg5 42.g4 Re7 43.Rc6 Kg7 44.Bd8 Rf7 45.Bxg5 Rd2 46.Rc1 Rxd5
47.Rh3 f3+ 48.Rxf3 Rxf3 49.Kxf3 Rd3+ 50.Ke4 Rxa3 51.f4 Bf6 52.Bxf6+
Kxf6 53.g5+ Kg6 54.Rh1 1-0

[Event "FIDE Open"]
[Site "Voronezh"]
[Date "2018.06.12"]
[Round "1.58"]
[White "Netsvetaev, Kirill"]
[Black "Pokhlebin, Sergej"]
[Result "0-1"]
[WhiteElo "1536"]
[BlackElo "1898"]
[Annotator ""]
[Source ""]
[Remark ""]

1.d4 d5 2.c4 e6 3.Nf3 c6 4.g3 dxc4 5.a4 b5 6.Bg2 Bb7 7.O-O Nf6
8.b3 cxb3 9.Qxb3 b4 10.Bg5 a5 11.Bxf6 Qxf6 12.Nc3 c5 13.Nb5 Na6
14.Ne5 Bxg2 15.Kxg2 cxd4 16.Qc4 Bc5 17.Nc7+ Nxc7 18.Qxc5 Qd8
19.Kg1 Nd5 20.Nc4 Qc7 21.Qxd4 O-O 22.Rfc1 Nc3 23.Rc2 Rfd8 24.Qg4
Qc5 25.Ne3 Rd4 26.Qf3 Rad8 27.h3 b3 28.Rb2 Rb4 29.Ra3 Rdb8 30.Nf1
h6 31.Nd2 Qd4 32.Raxb3 Rxb3 33.Rxb3 Rxb3 34.Nxb3 Qd1+ 0-1

[Event "FIDE Open"]
[Site "Voronezh"]
[Date "2018.06.12"]
[Round "1.59"]
[White "Bukatin, Arseny"]
[Black "Biskup, Stepan"]
[Result "0-1"]
[WhiteElo "1894"]
[BlackElo "1529"]
[Annotator ""]
[Source ""]
[Remark ""]

1.e4 c5 2.Nf3 e6 3.d4 cxd4 4.Nxd4 a6 5.Nc3 Qc7 6.Be2 Nf6 7.O-O
Be7 8.Be3 O-O 9.f4 d6 10.a4 b6 11.Bf3 Bb7 12.g4 Nc6 13.g5 Nd7
14.Nb3 Nc5 15.Bg2 Rfd8 16.Qe1 Nb4 17.Qf2 d5 18.a5 Nxb3 19.cxb3
d4 20.axb6 dxe3 21.Qxe3 Qc5 22.Qxc5 Bxc5+ 23.Kh1 Nc2 24.Ra4 Ne3
25.Re1 Bc6 26.Ra2 Nxg2 27.Kxg2 Bxb6 28.Re2 Rd3 29.b4 Be3 30.b5
axb5 31.Rxa8+ Bxa8 32.Re1 Bxf4 0-1

[Event "FIDE Open"]
[Site "Voronezh"]
[Date "2018.06.12"]
[Round "1.60"]
[White "Titarenko, Pavel"]
[Black "Nakonechny, Ignat"]
[Result "0-1"]
[WhiteElo "1520"]
[BlackElo "1890"]
[Annotator ""]
[Source ""]
[Remark ""]

1.d4 Nf6 2.Bf4 b6 3.Nf3 Bb7 4.e3 g6 5.Nbd2 Bg7 6.Bc4 e6 7.O-O
O-O 8.h3 d6 9.c3 Nbd7 10.Re1 Qe7 11.Qe2 c5 12.Rad1 a6 13.dxc5
bxc5 14.Bb3 e5 15.Bg3 d5 16.Ba4 e4 17.Nh2 Nb6 18.Bc2 Nh5 19.c4
Nxg3 20.Qg4 Nh5 21.cxd5 f5 22.Qe2 Bxd5 23.Nb3 Bf7 24.Na5 Qc7
25.g4 Nf6 26.gxf5 gxf5 27.Kh1 Bh5 28.f3 exf3 29.Nxf3 Qg3 30.Rf1
Qxh3+ 31.Kg1 Ne4 32.Nc6 Ng3 33.Ne7+ Kh8 34.Qg2 Qxg2+ 35.Kxg2
Nxf1 0-1